| 000 | 01022cam a22002897a 4500 | ||
|---|---|---|---|
| 999 |
_c128909 _d128909 |
||
| 001 | 14519486 | ||
| 003 | ARRUPE | ||
| 005 | 20190208123941.0 | ||
| 008 | 060825s1996 cc a b 001 0 eng d | ||
| 010 | _a 2006432932 | ||
| 020 | _a7119007521 | ||
| 035 | _a(OCoLC)ocm39041352 | ||
| 040 |
_aZQP _cZQP _dBAKER _dDLC |
||
| 042 | _alccopycat | ||
| 050 | 0 | 0 |
_aSPC. NK4165 _b.Z5 1984 |
| 100 | 1 |
_aLi, Zhiyan, _d1937- _944412 |
|
| 245 | 1 | 0 |
_aChinese pottery and porcelain / _cLi Zhiyan and Cheng Wen ; translated by Ouyang Caiwei. |
| 260 |
_aBeijing : _bForeign Languages Press, _cc1984. |
||
| 300 |
_aiii, 209 p. : _bill. (chiefly col.) ; _c27 cm. |
||
| 504 | _aIncludes bibliographical references and index. | ||
| 650 | 0 |
_aPottery, Chinese. _944413 |
|
| 650 | 0 |
_aPorcelain, Chinese. _944414 |
|
| 700 | 1 |
_aZhengwen. _944415 |
|
| 700 | 1 |
_aOuyang, Caiwei. _944416 _etr. |
|
| 906 |
_a7 _bcbc _ccopycat _d3 _encip _f20 _gy-gencatlg |
||
| 942 |
_2lcc _cSPC |
||